| 000 | 00460nam a22001697a 4500 | ||
|---|---|---|---|
| 003 | URS | ||
| 005 | 20250623140914.0 | ||
| 020 | _a9788131314654 | ||
| 040 | _cURS | ||
| 050 |
_aHF 5415 _bS527 2015 |
||
| 245 | _aConcepts and Practices in Marketing Research | ||
| 264 |
_aIndia : _bRandom Publications, _c[2015] |
||
| 300 | _a298 pages ; | ||
| 504 | _aIncludes bibliographical references (pages 295-296) and index | ||
| 700 | _aSharma, R.P. | ||
| 942 |
_2lcc _cBK |
||
| 999 |
_c83074 _d83073 |
||